<?xml version="1.0" encoding="UTF-8"?>
<record
    xmlns:xsi="http://www.w3.org/2001/XMLSchema-instance"
    xsi:schemaLocation="http://www.loc.gov/MARC21/slim http://www.loc.gov/standards/marcxml/schema/MARC21slim.xsd"
    xmlns="http://www.loc.gov/MARC21/slim">

  <leader>01181nam a22002537a 4500</leader>
  <datafield tag="952" ind1=" " ind2=" ">
    <subfield code="a">0001</subfield>
    <subfield code="b">0001</subfield>
    <subfield code="d">2024-03-18</subfield>
    <subfield code="h">c.1</subfield>
    <subfield code="l">0</subfield>
    <subfield code="o">297.8252 K74e 2018</subfield>
    <subfield code="p">21584</subfield>
    <subfield code="r">2024-03-18 00:00:00</subfield>
    <subfield code="t">c.1</subfield>
    <subfield code="w">2024-03-18</subfield>
    <subfield code="y">BKS</subfield>
  </datafield>
  <datafield tag="952" ind1=" " ind2=" ">
    <subfield code="a">0001</subfield>
    <subfield code="b">0001</subfield>
    <subfield code="d">2024-03-18</subfield>
    <subfield code="h">c.2/1</subfield>
    <subfield code="l">0</subfield>
    <subfield code="o">297.8252 K74e 2018</subfield>
    <subfield code="p">21585</subfield>
    <subfield code="r">2024-03-18 00:00:00</subfield>
    <subfield code="t">c.2/1</subfield>
    <subfield code="w">2024-03-18</subfield>
    <subfield code="y">BKS</subfield>
  </datafield>
  <datafield tag="952" ind1=" " ind2=" ">
    <subfield code="a">0001</subfield>
    <subfield code="b">0001</subfield>
    <subfield code="d">2024-03-18</subfield>
    <subfield code="h">c.2/2</subfield>
    <subfield code="l">0</subfield>
    <subfield code="o">297.8252 K74e 2018</subfield>
    <subfield code="p">21586</subfield>
    <subfield code="r">2024-03-18 00:00:00</subfield>
    <subfield code="t">c.2/2</subfield>
    <subfield code="w">2024-03-18</subfield>
    <subfield code="y">BKS</subfield>
  </datafield>
  <datafield tag="952" ind1=" " ind2=" ">
    <subfield code="a">0001</subfield>
    <subfield code="b">0001</subfield>
    <subfield code="d">2024-03-18</subfield>
    <subfield code="h">c.3</subfield>
    <subfield code="l">0</subfield>
    <subfield code="o">297.8252 K74e 2018</subfield>
    <subfield code="p">21587</subfield>
    <subfield code="r">2024-03-18 00:00:00</subfield>
    <subfield code="t">c.3</subfield>
    <subfield code="w">2024-03-18</subfield>
    <subfield code="y">BKS</subfield>
  </datafield>
  <datafield tag="952" ind1=" " ind2=" ">
    <subfield code="a">0001</subfield>
    <subfield code="b">0001</subfield>
    <subfield code="d">2024-03-18</subfield>
    <subfield code="h">c.4</subfield>
    <subfield code="l">0</subfield>
    <subfield code="o">297.8252 K74e 2018</subfield>
    <subfield code="p">21588</subfield>
    <subfield code="r">2024-03-18 00:00:00</subfield>
    <subfield code="t">c.4</subfield>
    <subfield code="w">2024-03-18</subfield>
    <subfield code="y">BKS</subfield>
  </datafield>
  <datafield tag="999" ind1=" " ind2=" ">
    <subfield code="c">15669</subfield>
    <subfield code="d">15669</subfield>
  </datafield>
  <controlfield tag="003">MIRAKIL</controlfield>
  <controlfield tag="005">20240318172429.0</controlfield>
  <controlfield tag="008">240318b        tu ||||| |||| 00| 0 tur d</controlfield>
  <datafield tag="020" ind1=" " ind2=" ">
    <subfield code="a">9786058176003</subfield>
  </datafield>
  <datafield tag="040" ind1=" " ind2=" ">
    <subfield code="a">TR-AnCHP</subfield>
    <subfield code="c">TR-AnCHP</subfield>
  </datafield>
  <datafield tag="041" ind1=" " ind2=" ">
    <subfield code="a">tur</subfield>
  </datafield>
  <datafield tag="082" ind1=" " ind2=" ">
    <subfield code="a">297.8252</subfield>
    <subfield code="b">K74e 2018</subfield>
  </datafield>
  <datafield tag="100" ind1=" " ind2=" ">
    <subfield code="a">K&#xF6;kel, Co&#x15F;kun</subfield>
  </datafield>
  <datafield tag="245" ind1="1" ind2="0">
    <subfield code="a">Erdebilliler/</subfield>
    <subfield code="c">Co&#x15F;kun K&#xF6;kel ; edit&#xF6;r : Medine Sivri.</subfield>
  </datafield>
  <datafield tag="250" ind1=" " ind2=" ">
    <subfield code="a">1. Bask&#x131;</subfield>
  </datafield>
  <datafield tag="260" ind1=" " ind2=" ">
    <subfield code="a">Ostim, Ankara :</subfield>
    <subfield code="b">Alevilik Ara&#x15F;t&#x131;rmalar&#x131; Dergisi Yay&#x131;nlar&#x131;,</subfield>
    <subfield code="c">2018.</subfield>
  </datafield>
  <datafield tag="300" ind1=" " ind2=" ">
    <subfield code="a">ciltli &lt;1-4&gt; :</subfield>
    <subfield code="b">resim ;</subfield>
    <subfield code="c">28 cm</subfield>
  </datafield>
  <datafield tag="490" ind1="0" ind2=" ">
    <subfield code="a">Alevilik Ara&#x15F;t&#x131;rmalar&#x131; Dergisi Yay&#x131;nlar&#x131;, Alevi-Bekta&#x15F;i &#x130;nan&#xE7;-Dede Ocaklar&#x131; ve s&#xFC;rekleri serisi ;</subfield>
    <subfield code="v">1.</subfield>
  </datafield>
  <datafield tag="500" ind1=" " ind2=" ">
    <subfield code="a">cilt 1: Tarihsel s&#xFC;re&#xE7; -- cilt 2: Tarihi belgeler -- cilt 3: S&#xFC;reklilere ait inan&#xE7;sal pratikler -- cilt 4: S&#xFC;rekli inan&#xE7; &#xF6;nderleri / S&#xFC;reklilerin ya&#x15F;ad&#x131;&#x11F;&#x131; yerle&#x15F;im birimleri / S&#xFC;reklilere ait &#xF6;nemli kutsal mekanlar / S&#xFC;rekli Dede ve rehber mezarlar&#x131; / S&#xFC;rekli Dede ve talip topluluklar&#x131;</subfield>
  </datafield>
  <datafield tag="650" ind1=" " ind2="0">
    <subfield code="9">5412</subfield>
    <subfield code="a">Alevilik</subfield>
  </datafield>
  <datafield tag="650" ind1=" " ind2="0">
    <subfield code="9">5114</subfield>
    <subfield code="a">Bekta&#x15F;ilik </subfield>
  </datafield>
  <datafield tag="856" ind1=" " ind2=" ">
    <subfield code="z">Dijital N&#xFC;shas&#x131; i&#xE7;in Partimizin K&#xFC;t&#xFC;phane Sorumlusu ile ileti&#x15F;ime ge&#xE7;iniz.</subfield>
  </datafield>
  <datafield tag="942" ind1=" " ind2=" ">
    <subfield code="2">ddc</subfield>
    <subfield code="c">BKS</subfield>
  </datafield>
</record>
